<?xml version="1.0" encoding="UTF-8"?>
<record
    xmlns:xsi="http://www.w3.org/2001/XMLSchema-instance"
    xsi:schemaLocation="http://www.loc.gov/MARC21/slim http://www.loc.gov/standards/marcxml/schema/MARC21slim.xsd"
    xmlns="http://www.loc.gov/MARC21/slim">

  <leader>02094agaaa2200337   4500</leader>
  <controlfield tag="001">7328</controlfield>
  <controlfield tag="003">IT-RoPAU</controlfield>
  <controlfield tag="005">20220918181248.0</controlfield>
  <controlfield tag="007">d cvaizq</controlfield>
  <controlfield tag="008">50131s9999||||xx ||| |     ||   ||und||</controlfield>
  <datafield tag="040" ind1=" " ind2=" ">
    <subfield code="a">IT-RoPAU</subfield>
    <subfield code="c">IT-RoPAU</subfield>
  </datafield>
  <datafield tag="041" ind1=" " ind2=" ">
    <subfield code="a">ITALIANO</subfield>
  </datafield>
  <datafield tag="100" ind1=" " ind2=" ">
    <subfield code="a">Sautet Claude</subfield>
    <subfield code="g">Codice regista SPICS: 11224</subfield>
    <subfield code="9">48166</subfield>
  </datafield>
  <datafield tag="130" ind1=" " ind2=" ">
    <subfield code="a">UNA DONNA SEMPLICE</subfield>
    <subfield code="9">48167</subfield>
  </datafield>
  <datafield tag="240" ind1=" " ind2=" ">
    <subfield code="a">UNE HISTOIRE SIMPLE</subfield>
    <subfield code="g">T0019</subfield>
  </datafield>
  <datafield tag="245" ind1=" " ind2=" ">
    <subfield code="a">UNA DONNA SEMPLICE</subfield>
    <subfield code="c">Sceneggiatura: Sautet Claude Dabadie Jean-Loup -- Diretto da: Sautet Claude</subfield>
    <subfield code="p">UNA DONNA SEMPLICE (Rif. Codice opera principale : 37328)</subfield>
  </datafield>
  <datafield tag="246" ind1=" " ind2=" ">
    <subfield code="a">UNE HISTOIRE SIMPLE</subfield>
  </datafield>
  <datafield tag="250" ind1=" " ind2=" ">
    <subfield code="a">Edizione Standard</subfield>
  </datafield>
  <datafield tag="260" ind1=" " ind2=" ">
    <subfield code="a">PARIGI - BERLINO (FRANCIA)</subfield>
    <subfield code="b">RENN - SARA - F.R.3 - RIALTO / Distribuzione: RAI</subfield>
    <subfield code="g">"1978 (1&#xB0; ed.: 1986 ; Ed. Lingua Orig.: 1978)"</subfield>
  </datafield>
  <datafield tag="300" ind1=" " ind2=" ">
    <subfield code="a">VHS</subfield>
    <subfield code="b">sonoro, col.</subfield>
    <subfield code="c">100 minuti</subfield>
  </datafield>
  <datafield tag="508" ind1=" " ind2=" ">
    <subfield code="a">"Fotografia: Boffety Jean; Montaggio: Thiedot Jacqueline; Musica: Sarde Philippe; Sceneggiatura: Sautet Claude Dabadie Jean-Loup; Scenografia: Boggety Jean; "</subfield>
  </datafield>
  <datafield tag="511" ind1=" " ind2=" ">
    <subfield code="a">"Cremer Bruno; Schneider Romy; Brasseur Claude; Bonnard Arlette; Darlan Eva; Berge' F"</subfield>
  </datafield>
  <datafield tag="520" ind1=" " ind2=" ">
    <subfield code="a">FILM-DRAMMATICO A COLORIMARIE UNA DONNA ORMAI ALLE SOGLIE DELLA MATURITA' MA ANCORA AFFASCINANTE E' STATA DELUSA DA ENTRAMBI GLI UOMINI DELLA SUA VITA IL FREDDO E RAZIONALE GEORGE DEDITO SOLO ALL'AZIENDA CHE DIRIGE E IL FARFALLONE E IMMATURO SERGE CON IL QUALE HA INTRECCIATO UNA RELAZIONE DOPO LA SEPARAZIONE DAL PRIMO MARITO PER TENTARE DI AIUTARE UN AMICO SULL'ORLO DEL LICENZIAMENTO MARIE RIAVVICINA IL MARITO E VIVE DI NUOVO CON LUI UNA BREVE STORIA D'AMORE MA INFINE RIMASTA INCINTA DECIDE DI VIVERE DA SOLA DI TENERSI IL FIGLIO E DI DEDICARGLI IL RESTO DELLA SUA VITA</subfield>
  </datafield>
  <datafield tag="538" ind1=" " ind2=" ">
    <subfield code="a">PAL, STEREO</subfield>
  </datafield>
  <datafield tag="546" ind1=" " ind2=" ">
    <subfield code="a">ITALIANO</subfield>
  </datafield>
  <datafield tag="650" ind1=" " ind2=" ">
    <subfield code="a">PSICOLOGICO</subfield>
    <subfield code="e">FILMS [VHS]</subfield>
    <subfield code="x">Codice MATERIA SPICS: 9960</subfield>
    <subfield code="9">48168</subfield>
  </datafield>
  <datafield tag="700" ind1=" " ind2=" ">
    <subfield code="a">Sarde Philippe</subfield>
    <subfield code="e">(musica)</subfield>
    <subfield code="g">Codice Musica SPICS: 11145</subfield>
    <subfield code="9">48169</subfield>
  </datafield>
  <datafield tag="700" ind1=" " ind2=" ">
    <subfield code="a">Sautet Claude </subfield>
    <subfield code="e">(regista)</subfield>
    <subfield code="g">Codice regista SPICS: 11224</subfield>
    <subfield code="9">48170</subfield>
  </datafield>
  <datafield tag="700" ind1=" " ind2=" ">
    <subfield code="a">Sautet Claude </subfield>
    <subfield code="e">(soggetto)</subfield>
    <subfield code="g">Codice Soggetto SPICS: 11224</subfield>
    <subfield code="9">48171</subfield>
  </datafield>
  <datafield tag="942" ind1=" " ind2=" ">
    <subfield code="c">VH</subfield>
    <subfield code="2">ddc</subfield>
  </datafield>
  <datafield tag="999" ind1=" " ind2=" ">
    <subfield code="c">106682</subfield>
    <subfield code="d">106682</subfield>
  </datafield>
  <datafield tag="952" ind1=" " ind2=" ">
    <subfield code="0">0</subfield>
    <subfield code="1">0</subfield>
    <subfield code="4">0</subfield>
    <subfield code="6">37328_000000000000000</subfield>
    <subfield code="7">1</subfield>
    <subfield code="a">SPICS</subfield>
    <subfield code="b">SPICS</subfield>
    <subfield code="d">2015-01-31</subfield>
    <subfield code="l">0</subfield>
    <subfield code="o">37328</subfield>
    <subfield code="r">2015-01-31 00:00:00</subfield>
    <subfield code="w">2015-01-31</subfield>
    <subfield code="y">VH</subfield>
    <subfield code="z">Progr. Ins.: 1939 / N.Vol.:1 / Copie: 1 / Pag.: / Copia rara: n.d. / date import: 1.2.2015 / By Epidotti, Trombetti, Vaglietti</subfield>
  </datafield>
</record>
